| 000 | 00604nam a2200169 a 4500 | ||
|---|---|---|---|
| 008 | 120416s1984 ||||||||||||||||| || u | ||
| 020 | _a0471085391 | ||
| 050 | _aTK 7888.4 Hil | ||
| 100 | _aHill, Fredrick J | ||
| 245 | 1 | 0 | _aDigital logic and microprocessors |
| 260 |
_aNew York: _bJohn Wiley and Sons _c1984 |
||
| 300 | _axiii, 539p. : ill | ||
| 350 | _a0.00 | ||
| 650 | 0 | _aLOGIC DESIGN | |
| 650 | _aMICROPROCESSORS--DESIGN AND CONSTRUCTION | ||
| 995 |
_D0.00 _FCBU-MAIN LIBRARY (Kitwe) _H1 _I66.30 _UAVAILABLE _ZMain Library Open Access Collection |
||
| 999 |
_c40177 _d40177 |
||